RESTORING CONFIDENCE IN THE FINANCIAL SY (Record no. 29297)

MARC details
000 -LEADER
fixed length control field 00355nam a2200133Ia 4500
008 - FIXED-LENGTH DATA ELEMENTS--GENERAL INFORMATION
fixed length control field 240624s9999 xx 000 0 und d
041 ## - LANGUAGE CODE
Language code of text/sound track or separate title eng
082 ## - DEWEY DECIMAL CLASSIFICATION NUMBER
Classification number 332.7 TUL
100 ## - MAIN ENTRY--PERSONAL NAME
Personal name TULLU SEAN
245 ## - TITLE STATEMENT
Title RESTORING CONFIDENCE IN THE FINANCIAL SY
260 ## - PUBLICATION, DISTRIBUTION, ETC.
Date of publication, distribution, etc. 2010
Place of publication, distribution, etc. Great Britain
Name of publisher, distributor, etc. Harriman House Ltd
300 ## - PHYSICAL DESCRIPTION
Extent xix, 167 p.; 23 cm.
365 ## - TRADE PRICE
Currency code BPS
Price amount 38
Holdings
Withdrawn status Lost status Damaged status Not for loan Home library Current library Shelving location Date acquired Cost, normal purchase price Full call number Barcode Date last seen Copy number Price effective from Koha item type
        IMTN IMTN Rack 12-B 09/11/2017 24.99 332.7 TUL 29297 06/24/2024 86.9 06/24/2024 Books
Designed & Maintained by: LRC IMT Nagpur Contact: lrc@imtnag.ac.in© 2024. All Rights Reserved.